Normal view
MARC view
Entry Personal Name
001 - CONTROL NUMBER
- control field: 7181
003 - CONTROL NUMBER IDENTIFIER
- control field: OSt
005 - DATE AND TIME OF LATEST TRANSACTION
- control field: 20160309135121.0
008 - FIXED-LENGTH DATA ELEMENTS
- fixed length control field: 160309|| aca||aabn | a|a d
040 ## - CATALOGING SOURCE
- Original cataloging agency: OSt
- Transcribing agency: OSt
100 ## - HEADING--PERSONAL NAME
- Personal name: Simchi-Levi, David; Kaminsky, Philip; Simchi-Levi, Edith
670 ## - SOURCE DATA FOUND
- Source citation: Work cat.: (OSt): Simchi-Levi, David; Kaminsky, Philip; Simchi-Levi, Edith, Designing and Managing the Supply Chain:concept, strategies and case studies
